| 000 | 00763nam a2200229 a 4500 | ||
|---|---|---|---|
| 001 | BRCA_8280 | ||
| 005 | 20190320210217.0 | ||
| 008 | 120614s1998----mx-a######---#000-0#spa-# | ||
| 020 | _a9709061003 | ||
| 041 | _aspa | ||
| 044 | _amx | ||
| 050 | 4 |
_aTK6550 _b.R33 1998 |
|
| 245 | 1 | 0 |
_aLa radio frente al nuevo milenio _bSeminario Internacional : Memorias. |
| 260 |
_aMéxico _bInstituto Mexicano de la Radio _c1998 |
||
| 300 |
_a300 p. _bil. _c22 cm. |
||
| 500 | _aSeminario Internacional llevado a cabo del 27 al 29 de Octubre de 1997 en la Ciudad de México | ||
| 500 | _aEstado físico: última hoja y cubierta rotas | ||
| 500 | _aSe encuentra en el Área de Investigación | ||
| 650 | 1 | 4 |
_aRadio _xHistoria _920682 |
| 710 | 2 |
_aIMER _920683 |
|
| 942 |
_2lcc _cB |
||
| 999 |
_c7948 _d7948 |
||